Budúcnosť cezhraničnej spolupráce v integrovanej Európe
Vznik prihraničných oblastí v Európe. Priestorové plánovanie, štrukturálna politika. Prekonávanie historických prekážok pomocou cezhraničnej spolupráce. Právne nástroje uľahčujúce cezhraničnú spoluprácu. Iniciatívy a programy na úrovni EÚ podporujúce cezhraničnú spoluprácu. Od jednorazových aktivít...
Gespeichert in:
| 1. Verfasser: | |
|---|---|
| Weitere Verfasser: | |
| Format: | Buchkapitel |
| Sprache: | Slowakisch |
| Schlagworte: | |
| Tags: |
Keine Tags, Fügen Sie das erste Tag hinzu!
|
MARC
| LEADER | 00000naa$a2200000$$$4500 | ||
|---|---|---|---|
| 001 | 0036704 | ||
| 005 | 20221104090626.1 | ||
| 041 | 0 | |a slo | |
| 044 | |a SK | ||
| 245 | 1 | 0 | |a Budúcnosť cezhraničnej spolupráce v integrovanej Európe |c Alžbeta Ivaničková, Viera Vlčková |
| 520 | |a Vznik prihraničných oblastí v Európe. Priestorové plánovanie, štrukturálna politika. Prekonávanie historických prekážok pomocou cezhraničnej spolupráce. Právne nástroje uľahčujúce cezhraničnú spoluprácu. Iniciatívy a programy na úrovni EÚ podporujúce cezhraničnú spoluprácu. Od jednorazových aktivít k dlhodobej strategickej spolupráci. Postavenie cezhraničnej spolupráce v Slovenskej republike. | ||
| 610 | 2 | 0 | |a Európa |
| 610 | 2 | 0 | |a regióny |
| 610 | 2 | 0 | |a spolupráca cezhraničná |
| 610 | 2 | 0 | |a Slovensko |
| 610 | 2 | 0 | |a euroregióny |
| 100 | 1 | |a Ivaničková, Alžbeta | |
| 700 | 1 | |a Vlčková, Viera | |